| 000 | 003740000a22001690004500 | ||
|---|---|---|---|
| 999 |
_c47943 _d47943 |
||
| 001 | 739 | ||
| 003 | CO-MdFUSB | ||
| 005 | 20170912182329.0 | ||
| 008 | 170912b xxu||||| |||| 00| 0 eng d | ||
| 020 | _a84-7419-600-0 | ||
| 040 | _cCO-MdBIC | ||
| 082 | 0 | 4 | _a863H D290gv |
| 245 | 1 | 0 | _aGarfield Vaya bocata |
| 260 | _aBarcelona : Grijalbo | ||
| 300 | _a32 P. | ||
| 942 | _cLGB | ||